000 01809nam0a2200301 i 4500
001 RU\NLR\bibl\2067221
005 20260406024350.0
010 _a5937160577
_91000
021 _aRU
_b2013-59433
_94087
035 _a(NLR Aleph) 002053664
090 _a4653523
_c4653523
100 _a20130830d2013 u y0rusy50 ca
101 0 _arus
102 _aRU
105 _aa |||||||||
200 1 _aЗарубежная музыкальная литература первой половины XX века
_eучебное пособие
_fЕ.К. Карпова
_gМ-во культуры Рос. Федерации, Федер. гос. бюджет. образоват. учреждение высш. проф. образования "Уфим. гос. акад. искусств им. Загира Исмагилова"
210 _aУфа
_cЗдравоохранение Башкортостана
_d2013
215 _a174, [1] с.
_cил., портр., нот.
_d20
_e1 электрон. опт. диск (CD-ROM)
320 _aБиблиогр.: с. 172-175 и в подстроч. примеч.
606 1 _aМузыкальная литература
_jУчебные издания для специализированных учебных заведений
_91641757
_3RU\NLR\auth\66726108
606 _aМузыка зарубежная
_jУчебные издания для специализированных учебных заведений
_z20 в.
_91635020
_3RU\NLR\auth\66722500
686 _aЩ313(0)6я7
700 1 _4070
_8rus
_7ca
_aКарпова
_bЕ. К.
_cканд. искусствоведения
_gЕлена Константиновна
_3RU\NLR\auth\77125937
_9108861
801 0 _aRU
_bNLR
_c20130830
_gRCR
801 1 _aRU
_bNLR
_c20130830
942 _cBOOK
980 _aNBR